000 00931nac a22002171u 4500
010 _a 94002793
020 _a007048967X (acid-free paper)
082 0 0 _a004
_bP332
090 _c468
_d468
100 _aPaulson, Boyd C.
245 1 0 _aComputer applications in construction /
_cBoyd C. Paulson, Jr.
260 _aNew York :
_bMcGraw-Hill,
_cc1995.
300 _axxx, 610 p. :
_bill. ;
_c25 cm.
440 0 _aMcGraw-Hill series in construction engineering and project management
650 0 _aEngineering
_xManagement
_xData processing.
650 0 _aContractors' operations
_xData processing.
650 0 _aConstruction industry
_xManagement
_xData processing.
942 _cBB
_k004P332
999 _c468
_d468